| 000 | 00764nam a22002057a 4500 | ||
|---|---|---|---|
| 999 |
_c14468 _d14468 |
||
| 003 | AR-CdUCM | ||
| 008 | 190423b ||||| |||| 00| 0 spa d | ||
| 040 |
_aMUNICIPALIDAD PROVINCIAL DEL CUSCO _cBIBLIOTECA MUNICIPAL DEL CUSCO |
||
| 082 |
_aC / 963.739 / _bG43 |
||
| 100 |
_aGil Mora, Juan Eduardo _933267 |
||
| 245 | _aContaminación del rio huatanay : Muerte peces en el vilcanota / | ||
| 260 |
_aCusco : _bDepartamento académico de ciencias biológicas, _c1978. |
||
| 300 |
_a15 páginas ; _c30 cm. |
||
| 505 | _aContenidos : Consideraciones previas -- Precipitación -- contaminación del agua - contaminantes ... | ||
| 650 |
_aAgua _919441 |
||
| 650 |
_aContaminación _98804 |
||
| 650 |
_aCusco _9772 |
||
| 942 |
_2ddc _cLIBROS |
||
| 945 |
_arah _d23/04/2019 |
||